[Event "T-Director's Swiss sytem"]
[Site "playchess.com #662980"]
[Date "2014.03.16"]
[Round "8"]
[White "Noelfumey"]
[Black "ericozi"]
[Result "1-0"]
[WhiteElo "1500"]
[BlackElo "1280"]
[PlyCount "105"]
[EventDate "2014.03.16"]
[EventType "swiss (blitz)"]

1. e4 {[%emt 0:00:13]} c6 {[%emt 0:00:06]} 2. Nf3 {[%emt 0:00:04]} d5 {[%emt 0:
00:10]} 3. exd5 {[%emt 0:00:01]} cxd5 {[%emt 0:00:01]} 4. Bb5+ {[%emt 0:00:02]}
Nc6 {[%emt 0:00:02]} 5. d4 {[%emt 0:00:01]} Nf6 {[%emt 0:00:07]} 6. O-O {[%emt
0:00:01]} Bd7 {[%emt 0:00:04]} 7. c3 {[%emt 0:00:02]} e6 {[%emt 0:00:03]} 8.
Re1 {[%emt 0:00:01]} Be7 {[%emt 0:00:02]} 9. Bf4 {[%emt 0:00:02]} O-O {[%emt 0:
00:02]} 10. h3 {[%emt 0:00:01]} a6 {[%emt 0:00:02]} 11. Bd3 {[%emt 0:00:01]}
Ne8 {[%emt 0:00:11]} 12. Nbd2 {[%emt 0:00:07]} f5 {[%emt 0:00:04]} 13. Nf1 {
[%emt 0:00:04]} Bf6 {[%emt 0:00:03]} 14. Qd2 {[%emt 0:00:10]} Ne7 {[%emt 0:00:
04]} 15. Ng3 {[%emt 0:00:07]} Ng6 {[%emt 0:00:03]} 16. Be3 {[%emt 0:00:09]} Qc7
{[%emt 0:00:11]} 17. Nh5 {[%emt 0:00:10]} Rc8 {[%emt 0:00:15]} 18. Bg5 {[%emt
0:00:14]} Bxg5 {[%emt 0:00:05]} 19. Nxg5 {[%emt 0:00:05]} Nf6 {[%emt 0:00:07]}
20. Nxg7 {[%emt 0:00:21]} Kxg7 {[%emt 0:00:02]} 21. Rxe6 {[%emt 0:00:09]} Bxe6
{[%emt 0:00:02]} 22. Nxe6+ {[%emt 0:00:02]} Kg8 {[%emt 0:00:08]} 23. Nxc7 {
[%emt 0:00:00]} Rxc7 {[%emt 0:00:02]} 24. Bxf5 {[%emt 0:00:07]} Ne4 {[%emt 0:
00:07]} 25. Be6+ {[%emt 0:00:19]} Kg7 {[%emt 0:00:09]} 26. Qc2 {[%emt 0:00:18]}
Rd8 {[%emt 0:00:03]} 27. Bf5 {[%emt 0:00:09]} Re7 {[%emt 0:00:06]} 28. Re1 {
[%emt 0:00:03]} Rde8 {[%emt 0:00:09]} 29. f3 {[%emt 0:00:18]} Ng3 {[%emt 0:00:
06]} 30. Rxe7+ {[%emt 0:00:03]} Rxe7 {[%emt 0:00:03]} 31. Bxg6 {[%emt 0:00:02]}
hxg6 {[%emt 0:00:03]} 32. Kh2 {[%emt 0:00:04]} Ne2 {[%emt 0:00:07]} 33. Qb3 {
[%emt 0:00:05]} Nf4 {[%emt 0:00:05]} 34. Kg3 {[%emt 0:00:08]} g5 {[%emt 0:00:
03]} 35. Kg4 {[%emt 0:00:08]} Kh6 {[%emt 0:00:03]} 36. g3 {[%emt 0:00:06]} Ne2
{[%emt 0:00:17]} 37. Qxd5 {[%emt 0:00:07]} Rf7 {[%emt 0:00:08]} 38. Qxg5+ {
[%emt 0:00:05]} Kh7 {[%emt 0:00:05]} 39. Qh5+ {[%emt 0:00:01]} Kg7 {[%emt 0:00:
01]} 40. Qe5+ {[%emt 0:00:03]} Kh7 {[%emt 0:00:02]} 41. Qxe2 {[%emt 0:00:01]}
Rg7+ {[%emt 0:00:07]} 42. Kf4 {[%emt 0:00:02]} Rf7+ {[%emt 0:00:02]} 43. Ke3 {
[%emt 0:00:05]} Re7+ {[%emt 0:00:02]} 44. Kf2 {[%emt 0:00:02]} Rxe2+ {[%emt 0:
00:01]} 45. Kxe2 {[%emt 0:00:01]} Kg6 {[%emt 0:00:01]} 46. Ke3 {[%emt 0:00:01]}
Kf5 {[%emt 0:00:01]} 47. h4 {[%emt 0:00:02]} b5 {[%emt 0:00:01]} 48. g4+ {
[%emt 0:00:02]} Kg6 {[%emt 0:00:02]} 49. Ke4 {[%emt 0:00:01]} a5 {[%emt 0:00:
02]} 50. Ke5 {[%emt 0:00:01]} b4 {[%emt 0:00:01]} 51. f4 {[%emt 0:00:02]} bxc3
{[%emt 0:00:15]} 52. bxc3 {[%emt 0:00:02]} a4 {[%emt 0:00:01]} 53. f5+ {[%emt
0:00:15] ericozi abandonne} 1-0

[Event "T-Director's Swiss sytem"]
[Site "playchess.com #662980"]
[Date "2014.03.16"]
[Round "3"]
[White "Orgoi"]
[Black "Arminia69"]
[Result "1-0"]
[WhiteElo "2098"]
[BlackElo "1739"]
[PlyCount "83"]
[EventDate "2014.03.16"]
[EventType "swiss (blitz)"]

1. e4 {[%emt 0:00:02]} Nf6 {[%emt 0:00:01]} 2. e5 {[%emt 0:00:02]} Nd5 {[%emt
0:00:01]} 3. d4 {[%emt 0:00:02]} d6 {[%emt 0:00:01]} 4. Nf3 {[%emt 0:00:03]} g6
{[%emt 0:00:02]} 5. Bc4 {[%emt 0:00:02]} Nb6 {[%emt 0:00:01]} 6. Bb3 {[%emt 0:
00:01]} Bg7 {[%emt 0:00:01]} 7. Ng5 {[%emt 0:00:02]} d5 {[%emt 0:00:04]} 8. f4
{[%emt 0:00:01]} O-O {[%emt 0:00:04]} 9. O-O {[%emt 0:00:02]} Na6 {[%emt 0:00:
55]} 10. Be3 {[%emt 0:00:22]} c6 {[%emt 0:00:21]} 11. Nd2 {[%emt 0:00:04]} Qc7
{[%emt 0:00:03]} 12. c3 {[%emt 0:00:11]} c5 {[%emt 0:00:03]} 13. f5 {[%emt 0:
00:08]} Bxf5 {[%emt 0:00:16]} 14. Rxf5 {[%emt 0:00:03]} gxf5 {[%emt 0:00:02]}
15. Qh5 {[%emt 0:00:02]} h6 {[%emt 0:00:07]} 16. Nh3 {[%emt 0:00:02]} Qc6 {
[%emt 0:00:17]} 17. Qxf5 {[%emt 0:00:06]} Qg6 {[%emt 0:00:17]} 18. Qxg6 {[%emt
0:00:03]} fxg6 {[%emt 0:00:02]} 19. dxc5 {[%emt 0:00:00]} Nd7 {[%emt 0:00:03]}
20. Bxd5+ {[%emt 0:00:03]} Kh7 {[%emt 0:00:01]} 21. Bxb7 {[%emt 0:00:07]} Naxc5
{[%emt 0:00:11]} 22. Bxa8 {[%emt 0:00:03]} Rxa8 {[%emt 0:00:02]} 23. Bxc5 {
[%emt 0:00:05]} Nxc5 {[%emt 0:00:01]} 24. Nf3 {[%emt 0:00:02]} Nd3 {[%emt 0:00:
07]} 25. Rd1 {[%emt 0:00:03]} Nxe5 {[%emt 0:00:03]} 26. Nxe5 {[%emt 0:00:02]}
Bxe5 {[%emt 0:00:01]} 27. Rd7 {[%emt 0:00:01]} Bd6 {[%emt 0:00:19]} 28. Kf2 {
[%emt 0:00:06]} Rb8 {[%emt 0:00:03]} 29. b3 {[%emt 0:00:01]} Rf8+ {[%emt 0:00:
03]} 30. Ke3 {[%emt 0:00:03]} Rf7 {[%emt 0:00:01]} 31. b4 {[%emt 0:00:09]} Bxh2
{[%emt 0:00:25]} 32. Rxa7 {[%emt 0:00:05]} g5 {[%emt 0:00:03]} 33. g4 {[%emt 0:
00:02]} Bg3 {[%emt 0:00:14]} 34. b5 {[%emt 0:00:06]} Bd6 {[%emt 0:00:11]} 35.
Ke4 {[%emt 0:00:07]} Rf1 {[%emt 0:00:07]} 36. c4 {[%emt 0:00:09]} Rh1 {[%emt 0:
00:51]} 37. Nf2 {[%emt 0:00:20]} Rh2 {[%emt 0:00:05]} 38. Nd3 {[%emt 0:00:05]}
Rg2 {[%emt 0:00:07]} 39. c5 {[%emt 0:00:02]} Rxg4+ {[%emt 0:00:05]} 40. Kf5 {
[%emt 0:00:02]} Rd4 {[%emt 0:00:11]} 41. cxd6 {[%emt 0:00:04]} Rxd3 {[%emt 0:
00:04]} 42. dxe7 {[%emt 0:00:02] Arminia69 gibt auf} 1-0

[Event "T-Director's Swiss sytem"]
[Site "playchess.com #662980"]
[Date "2014.03.16"]
[Round "7"]
[White "Orgoi"]
[Black "Muzio44"]
[Result "1-0"]
[WhiteElo "2103"]
[BlackElo "1755"]
[PlyCount "73"]
[EventDate "2014.03.16"]
[EventType "swiss (blitz)"]

1. e4 {[%emt 0:00:03]} c5 {[%emt 0:00:01]} 2. Nf3 {[%emt 0:00:02]} Nc6 {[%emt
0:00:02]} 3. d4 {[%emt 0:00:02]} cxd4 {[%emt 0:00:01]} 4. Nxd4 {[%emt 0:00:01]}
e5 {[%emt 0:00:01]} 5. Nb5 {[%emt 0:00:02]} d6 {[%emt 0:00:02]} 6. N1c3 {[%emt
0:00:02]} a6 {[%emt 0:00:01]} 7. Na3 {[%emt 0:00:01]} b5 {[%emt 0:00:01]} 8.
Nd5 {[%emt 0:00:01]} Be6 {[%emt 0:00:13]} 9. Bd3 {[%emt 0:00:09]} Nf6 {[%emt 0:
00:11]} 10. c4 {[%emt 0:00:05]} Nd4 {[%emt 0:00:43]} 11. O-O {[%emt 0:00:04]}
bxc4 {[%emt 0:01:25]} 12. Bxc4 {[%emt 0:00:12]} Nxe4 {[%emt 0:00:08]} 13. Re1 {
[%emt 0:00:04]} Nf6 {[%emt 0:00:58]} 14. Nxf6+ {[%emt 0:00:54]} gxf6 {[%emt 0:
00:09]} 15. Bxe6 {[%emt 0:00:27]} Nxe6 {[%emt 0:00:04]} 16. Nc4 {[%emt 0:00:24]
} d5 {[%emt 0:00:06]} 17. Qa4+ {[%emt 0:00:15]} Qd7 {[%emt 0:00:39]} 18. Qxd7+
{[%emt 0:00:05]} Kxd7 {[%emt 0:00:00]} 19. Nb6+ {[%emt 0:00:01]} Kc6 {[%emt 0:
00:03]} 20. Nxa8 {[%emt 0:00:02]} Bc5 {[%emt 0:00:01]} 21. Be3 {[%emt 0:00:13]}
d4 {[%emt 0:00:15]} 22. Bd2 {[%emt 0:00:04]} Kb7 {[%emt 0:00:03]} 23. b4 {
[%emt 0:00:02]} Bd6 {[%emt 0:00:05]} 24. a4 {[%emt 0:00:03]} Rxa8 {[%emt 0:00:
02]} 25. b5 {[%emt 0:00:01]} axb5 {[%emt 0:00:02]} 26. axb5 {[%emt 0:00:01]}
Rxa1 {[%emt 0:00:01]} 27. Rxa1 {[%emt 0:00:01]} Kb6 {[%emt 0:00:01]} 28. Ra6+ {
[%emt 0:00:03]} Kc5 {[%emt 0:00:07]} 29. Rc6+ {[%emt 0:00:10]} Kd5 {[%emt 0:00:
13]} 30. Rc8 {[%emt 0:00:02]} Nc5 {[%emt 0:00:19]} 31. Bb4 {[%emt 0:00:06]} Kc4
{[%emt 0:00:02]} 32. Bxc5 {[%emt 0:00:03]} Bxc5 {[%emt 0:00:01]} 33. b6 {[%emt
0:00:02]} Kb5 {[%emt 0:00:01]} 34. Rxc5+ {[%emt 0:00:03]} Kxc5 {[%emt 0:00:01]}
35. b7 {[%emt 0:00:01]} d3 {[%emt 0:00:00]} 36. b8=Q {[%emt 0:00:01]} d2 {
[%emt 0:00:00]} 37. Qd8 {[%emt 0:00:02] Muzio44 resigns} 1-0

[Event "T-Director's Swiss sytem"]
[Site "playchess.com #662980"]
[Date "2014.03.16"]
[Round "6"]
[White "Orgoi"]
[Black "kakdela"]
[Result "0-1"]
[WhiteElo "2108"]
[BlackElo "2429"]
[PlyCount "88"]
[EventDate "2014.03.16"]
[EventType "swiss (blitz)"]

1. e4 {[%emt 0:00:07]} e6 {[%emt 0:00:02]} 2. d4 {[%emt 0:00:02]} d5 {[%emt 0:
00:01]} 3. Nc3 {[%emt 0:00:03]} Nf6 {[%emt 0:00:02]} 4. Bg5 {[%emt 0:00:03]}
Bb4 {[%emt 0:00:01]} 5. e5 {[%emt 0:00:02]} h6 {[%emt 0:00:01]} 6. Bd2 {[%emt
0:00:01]} Bxc3 {[%emt 0:00:02]} 7. bxc3 {[%emt 0:00:01]} Ne4 {[%emt 0:00:01]}
8. Qg4 {[%emt 0:00:01]} Kf8 {[%emt 0:00:03]} 9. h4 {[%emt 0:00:05]} Nxd2 {
[%emt 0:00:04]} 10. Kxd2 {[%emt 0:00:02]} c5 {[%emt 0:00:00]} 11. Nf3 {[%emt 0:
00:15]} Nc6 {[%emt 0:00:02]} 12. dxc5 {[%emt 0:00:02]} Qa5 {[%emt 0:00:08]} 13.
Qf4 {[%emt 0:00:18]} Qxc5 {[%emt 0:00:05]} 14. Nd4 {[%emt 0:00:01]} Bd7 {[%emt
0:00:06]} 15. Rh3 {[%emt 0:00:02]} Nxd4 {[%emt 0:00:08]} 16. Qxd4 {[%emt 0:00:
05]} Rc8 {[%emt 0:00:04]} 17. Bd3 {[%emt 0:00:11]} Qxd4 {[%emt 0:00:07]} 18.
cxd4 {[%emt 0:00:01]} Ke7 {[%emt 0:00:01]} 19. f4 {[%emt 0:00:10]} g6 {[%emt 0:
00:01]} 20. g4 {[%emt 0:00:03]} h5 {[%emt 0:00:04]} 21. Rg1 {[%emt 0:00:09]}
hxg4 {[%emt 0:00:04]} 22. Rxg4 {[%emt 0:00:02]} Rh6 {[%emt 0:00:02]} 23. Ke3 {
[%emt 0:00:17]} Rch8 {[%emt 0:00:02]} 24. a3 {[%emt 0:00:03]} Rc8 {[%emt 0:00:
03]} 25. Rg5 {[%emt 0:00:04]} Rc3 {[%emt 0:00:06]} 26. h5 {[%emt 0:00:03]} Rxh5
{[%emt 0:00:07]} 27. Rgxh5 {[%emt 0:00:01]} gxh5 {[%emt 0:00:02]} 28. Rxh5 {
[%emt 0:00:00]} Rxa3 {[%emt 0:00:03]} 29. Kd2 {[%emt 0:00:04]} b5 {[%emt 0:00:
03]} 30. Rh7 {[%emt 0:00:01]} b4 {[%emt 0:00:05]} 31. Bg6 {[%emt 0:00:03]} Be8
{[%emt 0:00:02]} 32. f5 {[%emt 0:00:02]} exf5 {[%emt 0:00:02]} 33. Bxf5 {[%emt
0:00:01]} a5 {[%emt 0:00:09]} 34. e6 {[%emt 0:00:04]} Kf6 {[%emt 0:00:06]} 35.
exf7 {[%emt 0:00:02]} Bxf7 {[%emt 0:00:03]} 36. Bd3 {[%emt 0:00:01]} Ra1 {
[%emt 0:00:02]} 37. Rh6+ {[%emt 0:00:03]} Kg7 {[%emt 0:00:08]} 38. Rb6 {[%emt
0:00:02]} Kf8 {[%emt 0:00:09]} 39. Rb8+ {[%emt 0:00:02]} Ke7 {[%emt 0:00:01]}
40. Rb7+ {[%emt 0:00:01]} Kf6 {[%emt 0:00:02]} 41. Rb6+ {[%emt 0:00:03]} Kg5 {
[%emt 0:00:01]} 42. Rb7 {[%emt 0:00:02]} Bh5 {[%emt 0:00:03]} 43. Rb5 {[%emt 0:
00:11]} Kf4 {[%emt 0:00:03]} 44. Rxd5 {[%emt 0:00:04]} Rd1# {[%emt 0:00:03]}
0-1

[Event "T-Director's Swiss sytem"]
[Site "playchess.com #662980"]
[Date "2014.03.16"]
[Round "6"]
[White "Pacholinette"]
[Black "Strongpoint"]
[Result "1-0"]
[WhiteElo "1606"]
[BlackElo "1077"]
[PlyCount "85"]
[EventDate "2014.03.16"]
[EventType "swiss (blitz)"]

1. d4 {[%emt 0:00:27]} d6 {[%emt 0:00:43]} 2. Nf3 {[%emt 0:00:35]} f6 {[%emt 0:
00:08]} 3. c4 {[%emt 0:00:02]} Bg4 {[%emt 0:00:09]} 4. d5 {[%emt 0:00:05]} e5 {
[%emt 0:00:05]} 5. dxe6 {[%emt 0:00:02]} Bxe6 {[%emt 0:00:04]} 6. e4 {[%emt 0:
00:04]} Ne7 {[%emt 0:00:10]} 7. Nc3 {[%emt 0:00:04]} c6 {[%emt 0:00:02]} 8. Bf4
{[%emt 0:00:04]} Ng6 {[%emt 0:00:05]} 9. Bg3 {[%emt 0:00:02]} Be7 {[%emt 0:00:
04]} 10. Be2 {[%emt 0:00:06]} O-O {[%emt 0:00:03]} 11. Nd4 {[%emt 0:00:02]} Bf7
{[%emt 0:00:06]} 12. O-O {[%emt 0:00:03]} Ne5 {[%emt 0:00:03]} 13. b3 {[%emt 0:
00:06]} a6 {[%emt 0:00:20]} 14. Nf5 {[%emt 0:00:06]} Nbd7 {[%emt 0:00:09]} 15.
Nxd6 {[%emt 0:00:04]} Bxd6 {[%emt 0:00:09]} 16. Qxd6 {[%emt 0:00:07]} Nb6 {
[%emt 0:00:02]} 17. Qxd8 {[%emt 0:00:05]} Raxd8 {[%emt 0:00:03]} 18. Rad1 {
[%emt 0:00:01]} Rd7 {[%emt 0:00:05]} 19. f4 {[%emt 0:00:06]} Rxd1 {[%emt 0:00:
05]} 20. Rxd1 {[%emt 0:00:04]} Ned7 {[%emt 0:00:07]} 21. a4 {[%emt 0:00:07]}
Nc5 {[%emt 0:00:12]} 22. Bf2 {[%emt 0:00:11]} Nxb3 {[%emt 0:00:47]} 23. Bxb6 {
[%emt 0:00:04]} c5 {[%emt 0:00:14]} 24. Rd8 {[%emt 0:00:09]} Rxd8 {[%emt 0:00:
09]} 25. Bxd8 {[%emt 0:00:02]} Nd4 {[%emt 0:00:08]} 26. Bd3 {[%emt 0:00:05]}
Kf8 {[%emt 0:00:12]} 27. Bb6 {[%emt 0:00:04]} Ne6 {[%emt 0:00:05]} 28. f5 {
[%emt 0:00:04]} Nf4 {[%emt 0:00:04]} 29. Bxc5+ {[%emt 0:00:04]} Ke8 {[%emt 0:
00:02]} 30. Bc2 {[%emt 0:00:09]} Kd7 {[%emt 0:00:09]} 31. g3 {[%emt 0:00:03]}
Nh5 {[%emt 0:00:09]} 32. Nd5 {[%emt 0:00:03]} Kc6 {[%emt 0:00:09]} 33. Bd4 {
[%emt 0:00:06]} b5 {[%emt 0:00:18]} 34. axb5+ {[%emt 0:00:06]} axb5 {[%emt 0:
00:03]} 35. cxb5+ {[%emt 0:00:02]} Kxb5 {[%emt 0:00:03]} 36. Bd3+ {[%emt 0:00:
02]} Ka4 {[%emt 0:00:06]} 37. Nb6+ {[%emt 0:00:04]} Kb4 {[%emt 0:00:05]} 38.
Be3 {[%emt 0:00:08]} Kc3 {[%emt 0:00:07]} 39. Ba6 {[%emt 0:00:04]} g6 {[%emt 0:
00:08]} 40. Kf2 {[%emt 0:00:07]} Ng7 {[%emt 0:00:10]} 41. fxg6 {[%emt 0:00:11]}
hxg6 {[%emt 0:00:07]} 42. Nd5+ {[%emt 0:00:36] .} Bxd5 {[%emt 0:00:14]} 43.
exd5 {[%emt 0:00:01] Temps} 1-0

[Event "T-Director's Swiss sytem"]
[Site "playchess.com #662980"]
[Date "2014.03.16"]
[Round "8"]
[White "Pacholinette"]
[Black "arminia69"]
[Result "0-1"]
[WhiteElo "1616"]
[BlackElo "1705"]
[PlyCount "114"]
[EventDate "2014.03.16"]
[EventType "swiss (blitz)"]

1. d4 {[%emt 0:00:33]} Nf6 {[%emt 0:00:03]} 2. Nf3 {[%emt 0:00:02]} d5 {[%emt
0:00:03]} 3. c4 {[%emt 0:00:01]} c6 {[%emt 0:00:01]} 4. Nc3 {[%emt 0:00:17]} g6
{[%emt 0:00:03]} 5. Bg5 {[%emt 0:00:03]} Bg7 {[%emt 0:00:03]} 6. e3 {[%emt 0:
00:01]} O-O {[%emt 0:00:01]} 7. Rc1 {[%emt 0:00:08]} Bg4 {[%emt 0:00:04]} 8.
cxd5 {[%emt 0:00:08]} cxd5 {[%emt 0:00:04]} 9. Be2 {[%emt 0:00:02]} Nc6 {[%emt
0:00:04]} 10. O-O {[%emt 0:00:03]} a6 {[%emt 0:00:09]} 11. h3 {[%emt 0:00:33]}
Bf5 {[%emt 0:00:06]} 12. Qb3 {[%emt 0:00:14]} Na5 {[%emt 0:00:14]} 13. Qa3 {
[%emt 0:00:07]} Nc4 {[%emt 0:00:39]} 14. Bxc4 {[%emt 0:00:06]} dxc4 {[%emt 0:
00:02]} 15. Qb4 {[%emt 0:00:13]} b5 {[%emt 0:00:05]} 16. a4 {[%emt 0:00:04]}
Rb8 {[%emt 0:00:46]} 17. axb5 {[%emt 0:00:04]} axb5 {[%emt 0:00:03]} 18. Ne5 {
[%emt 0:00:04]} Qd6 {[%emt 0:00:25]} 19. Qxd6 {[%emt 0:00:10]} exd6 {[%emt 0:
00:02]} 20. Nc6 {[%emt 0:00:06]} Rb7 {[%emt 0:00:11]} 21. Bxf6 {[%emt 0:00:17]}
Bxf6 {[%emt 0:00:03]} 22. Nd5 {[%emt 0:00:04]} Kg7 {[%emt 0:00:30]} 23. Ncb4 {
[%emt 0:00:34]} Ra8 {[%emt 0:00:17]} 24. Ra1 {[%emt 0:00:12]} Rba7 {[%emt 0:00:
04]} 25. Rxa7 {[%emt 0:00:08]} Rxa7 {[%emt 0:00:00]} 26. Nc3 {[%emt 0:00:05]}
Bd7 {[%emt 0:00:10]} 27. Rd1 {[%emt 0:00:08]} Bd8 {[%emt 0:00:12]} 28. e4 {
[%emt 0:00:08]} Ba5 {[%emt 0:00:45]} 29. Ra1 {[%emt 0:00:11]} Bb6 {[%emt 0:00:
01]} 30. Rxa7 {[%emt 0:00:20]} Bxa7 {[%emt 0:00:00]} 31. d5 {[%emt 0:00:06]}
Bc5 {[%emt 0:00:10]} 32. Nc6 {[%emt 0:00:14]} b4 {[%emt 0:00:09]} 33. Na4 {
[%emt 0:00:11]} Kf6 {[%emt 0:00:25]} 34. Kf1 {[%emt 0:00:04]} Kg7 {[%emt 0:00:
07]} 35. Ke2 {[%emt 0:00:02]} f6 {[%emt 0:00:01]} 36. f3 {[%emt 0:00:02]} Kf7 {
[%emt 0:00:00]} 37. Nb6 {[%emt 0:00:05]} Bxb6 {[%emt 0:00:04]} 38. Nxb4 {[%emt
0:00:04]} Bc5 {[%emt 0:00:01]} 39. Nc2 {[%emt 0:00:03]} Bb5 {[%emt 0:00:01]}
40. Kd2 {[%emt 0:00:03]} Ke7 {[%emt 0:00:01]} 41. Kc3 {[%emt 0:00:01]} Ba6 {
[%emt 0:00:01]} 42. f4 {[%emt 0:00:07]} Bf2 {[%emt 0:00:03]} 43. Na3 {[%emt 0:
00:09]} Bg3 {[%emt 0:00:02]} 44. f5 {[%emt 0:00:04]} Be5+ {[%emt 0:00:01]} 45.
Kc2 {[%emt 0:00:02]} gxf5 {[%emt 0:00:01]} 46. Nb1 {[%emt 0:00:03]} fxe4 {
[%emt 0:00:02]} 47. Nd2 {[%emt 0:00:01]} f5 {[%emt 0:00:01]} 48. g4 {[%emt 0:
00:02]} Kf6 {[%emt 0:00:01]} 49. gxf5 {[%emt 0:00:01]} Kxf5 {[%emt 0:00:00]}
50. Nf1 {[%emt 0:00:01]} Kf4 {[%emt 0:00:01]} 51. Nd2 {[%emt 0:00:02]} e3 {
[%emt 0:00:01]} 52. Nxc4 {[%emt 0:00:02]} Bxc4 {[%emt 0:00:02]} 53. b4 {[%emt
0:00:01]} Kf3 {[%emt 0:00:01]} 54. b5 {[%emt 0:00:03]} Bxb5 {[%emt 0:00:02]}
55. Kd1 {[%emt 0:00:03]} Kf2 {[%emt 0:00:01]} 56. h4 {[%emt 0:00:01]} e2+ {
[%emt 0:00:00]} 57. Kd2 {[%emt 0:00:01]} e1=Q+ {[%emt 0:00:01] Pacholinette
abandonne} 0-1

[Event "T-Director's Swiss sytem"]
[Site "playchess.com #662980"]
[Date "2014.03.16"]
[Round "5"]
[White "Pacholinette"]
[Black "hermann53"]
[Result "1-0"]
[WhiteElo "1605"]
[BlackElo "868"]
[PlyCount "81"]
[EventDate "2014.03.16"]
[EventType "swiss (blitz)"]

1. d4 {[%emt 0:00:04]} Nc6 {[%emt 0:00:06]} 2. Nf3 {[%emt 0:00:02]} d5 {[%emt
0:00:01]} 3. g3 {[%emt 0:00:03]} e5 {[%emt 0:00:01]} 4. dxe5 {[%emt 0:00:03]}
d4 {[%emt 0:00:03]} 5. Bg2 {[%emt 0:00:04]} Bb4+ {[%emt 0:00:03]} 6. c3 {[%emt
0:00:03]} Bc5 {[%emt 0:00:01]} 7. O-O {[%emt 0:00:05]} d3 {[%emt 0:00:02]} 8.
exd3 {[%emt 0:00:02]} Nh6 {[%emt 0:00:16]} 9. Bxh6 {[%emt 0:00:05]} gxh6 {
[%emt 0:00:03]} 10. d4 {[%emt 0:00:00]} Rg8 {[%emt 0:00:00]} 11. dxc5 {[%emt 0:
00:04]} Qxd1 {[%emt 0:00:10]} 12. Rxd1 {[%emt 0:00:19]} Bg4 {[%emt 0:00:07]}
13. Rd3 {[%emt 0:00:07]} Ke7 {[%emt 0:00:09]} 14. Nbd2 {[%emt 0:00:05]} Bf5 {
[%emt 0:00:09]} 15. Re3 {[%emt 0:00:10]} Rad8 {[%emt 0:00:12]} 16. Nb3 {[%emt
0:00:05]} f6 {[%emt 0:00:20]} 17. exf6+ {[%emt 0:00:08]} Kxf6 {[%emt 0:00:02]}
18. Nfd4 {[%emt 0:00:02]} Ne7 {[%emt 0:00:36]} 19. Rf3 {[%emt 0:00:10]} Nd5 {
[%emt 0:00:04]} 20. Rxf5+ {[%emt 0:00:03]} Ke7 {[%emt 0:00:10]} 21. Rxd5 {
[%emt 0:00:00]} Rxd5 {[%emt 0:00:05]} 22. Bxd5 {[%emt 0:00:12]} c6 {[%emt 0:00:
04]} 23. Bxg8 {[%emt 0:00:04]} h5 {[%emt 0:00:09]} 24. Bc4 {[%emt 0:00:04]} b5
{[%emt 0:00:03]} 25. cxb6 {[%emt 0:00:03]} axb6 {[%emt 0:00:02]} 26. Nxc6+ {
[%emt 0:00:01]} Kd6 {[%emt 0:00:04]} 27. Ncd4 {[%emt 0:00:02]} Ke5 {[%emt 0:00:
04]} 28. Re1+ {[%emt 0:00:02]} Kf6 {[%emt 0:00:06]} 29. Re6+ {[%emt 0:00:03]}
Kf7 {[%emt 0:00:04]} 30. Rxb6+ {[%emt 0:00:06]} Ke7 {[%emt 0:00:06]} 31. a4 {
[%emt 0:00:00]} Kd7 {[%emt 0:00:02]} 32. a5 {[%emt 0:00:02]} Kc7 {[%emt 0:00:
01]} 33. Rh6 {[%emt 0:00:03]} Kb7 {[%emt 0:00:12]} 34. a6+ {[%emt 0:00:00]} Ka7
{[%emt 0:00:07]} 35. Nb5+ {[%emt 0:00:03]} Kb8 {[%emt 0:00:06]} 36. a7+ {[%emt
0:00:02]} Kb7 {[%emt 0:00:05]} 37. Bd5+ {[%emt 0:00:04]} Kc8 {[%emt 0:00:15]}
38. a8=Q+ {[%emt 0:00:06]} Kd7 {[%emt 0:00:10]} 39. Qc6+ {[%emt 0:00:04]} Ke7 {
[%emt 0:00:04]} 40. Rxh7+ {[%emt 0:00:02]} Kf8 {[%emt 0:00:05]} 41. Qa8# {
[%emt 0:00:00]} 1-0

[Event "T-Director's Swiss sytem"]
[Site "playchess.com #662980"]
[Date "2014.03.16"]
[Round "3"]
[White "Papadosor"]
[Black "Borjigin"]
[Result "1-0"]
[WhiteElo "2380"]
[BlackElo "1666"]
[PlyCount "103"]
[EventDate "2014.03.16"]
[EventType "swiss (blitz)"]

1. Nf3 {[%emt 0:00:01]} Nf6 {[%emt 0:00:04]} 2. c4 {[%emt 0:00:02]} e6 {[%emt
0:00:04]} 3. Nc3 {[%emt 0:00:02]} d5 {[%emt 0:00:04]} 4. d4 {[%emt 0:00:02]} c5
{[%emt 0:00:05]} 5. cxd5 {[%emt 0:00:04]} exd5 {[%emt 0:00:03]} 6. g3 {[%emt 0:
00:01]} Nc6 {[%emt 0:00:03]} 7. Bg5 {[%emt 0:00:06]} Be7 {[%emt 0:00:05]} 8.
Bg2 {[%emt 0:00:02]} O-O {[%emt 0:00:04]} 9. O-O {[%emt 0:00:01]} cxd4 {[%emt
0:00:07]} 10. Nxd4 {[%emt 0:00:02]} Be6 {[%emt 0:00:04]} 11. Rc1 {[%emt 0:00:
05]} h6 {[%emt 0:00:05]} 12. Bf4 {[%emt 0:00:15]} a6 {[%emt 0:00:29]} 13. Nxc6
{[%emt 0:00:16]} bxc6 {[%emt 0:00:04]} 14. Na4 {[%emt 0:00:01]} Rc8 {[%emt 0:
00:18]} 15. Be3 {[%emt 0:00:02]} Qd7 {[%emt 0:00:08]} 16. Nb6 {[%emt 0:00:03]}
Qb7 {[%emt 0:00:06]} 17. Nxc8 {[%emt 0:00:18]} Rxc8 {[%emt 0:00:01]} 18. Bc5 {
[%emt 0:00:01]} Bxc5 {[%emt 0:00:07]} 19. Rxc5 {[%emt 0:00:01]} Qxb2 {[%emt 0:
00:01]} 20. Qa4 {[%emt 0:00:03]} Qb6 {[%emt 0:00:11]} 21. Rfc1 {[%emt 0:00:07]}
Bd7 {[%emt 0:00:06]} 22. e3 {[%emt 0:00:07]} Ng4 {[%emt 0:00:12]} 23. Bf1 {
[%emt 0:00:10]} Qb2 {[%emt 0:00:11]} 24. R5c2 {[%emt 0:00:06]} Qf6 {[%emt 0:00:
04]} 25. Qxa6 {[%emt 0:00:08]} Ne5 {[%emt 0:00:04]} 26. Bg2 {[%emt 0:01:06]}
Nf3+ {[%emt 0:00:26]} 27. Kh1 {[%emt 0:00:17]} Qf5 {[%emt 0:00:20]} 28. Qe2 {
[%emt 0:00:22]} Ne5 {[%emt 0:00:29]} 29. e4 {[%emt 0:00:03]} Qg5 {[%emt 0:00:
05]} 30. f4 {[%emt 0:00:07]} Bg4 {[%emt 0:00:21]} 31. fxg5 {[%emt 0:00:03]}
Bxe2 {[%emt 0:00:03]} 32. Rxe2 {[%emt 0:00:01]} d4 {[%emt 0:00:01]} 33. gxh6 {
[%emt 0:00:07]} d3 {[%emt 0:00:01]} 34. Rd2 {[%emt 0:00:07]} c5 {[%emt 0:00:01]
} 35. Bf1 {[%emt 0:00:07]} c4 {[%emt 0:00:02]} 36. Bxd3 {[%emt 0:00:02]} Rd8 {
[%emt 0:00:14]} 37. hxg7 {[%emt 0:00:04]} Nxd3 {[%emt 0:00:08]} 38. Rxc4 {
[%emt 0:00:04]} Rd7 {[%emt 0:00:26]} 39. Rc3 {[%emt 0:00:05]} Ne5 {[%emt 0:00:
05]} 40. Rxd7 {[%emt 0:00:02]} Nxd7 {[%emt 0:00:00]} 41. a4 {[%emt 0:00:01]}
Kxg7 {[%emt 0:00:02]} 42. a5 {[%emt 0:00:05]} Kf6 {[%emt 0:00:01]} 43. a6 {
[%emt 0:00:04]} Ke7 {[%emt 0:00:10]} 44. Kg2 {[%emt 0:00:03]} Kd6 {[%emt 0:00:
02]} 45. h4 {[%emt 0:00:02]} Nb6 {[%emt 0:00:03]} 46. h5 {[%emt 0:00:02]} Ke5 {
[%emt 0:00:03]} 47. h6 {[%emt 0:00:04]} Kd4 {[%emt 0:00:02]} 48. h7 {[%emt 0:
00:02]} f5 {[%emt 0:00:16]} 49. h8=Q+ {[%emt 0:00:01]} Kxe4 {[%emt 0:00:03]}
50. a7 {[%emt 0:00:08]} f4 {[%emt 0:00:02]} 51. gxf4 {[%emt 0:00:05]} Nd5 {
[%emt 0:00:04]} 52. Qe5# {[%emt 0:00:02]} 1-0